Normal view
MARC view
Entry Personal Name
001 - CONTROL NUMBER
- control field: 27024
003 - CONTROL NUMBER IDENTIFIER
- control field: AUA.1
005 - DATE AND TIME OF LATEST TRANSACTION
- control field: 20121012115110.0
008 - FIXED-LENGTH DATA ELEMENTS
- fixed length control field: 121012|||a|||||| | ||| d
040 ## - CATALOGING SOURCE
- Original cataloging agency: AUA.1
- Transcribing agency: AUA.1
100 ## - HEADING--PERSONAL NAME
- Personal name: Miller, William McElwee.
670 ## - SOURCE DATA FOUND
- Source citation: Work cat.: (AUA.1)0: Miller, William McElwee., Ten Muslims meet Christ., [c1969]